000
00285nam a22001217a 4500
082
_a
823
_b
HIL/S
100
_a
HILL, ERIE
245
_a
SPOTS BIG BOOK OF COLOURS, SHAPES
260
_a
NEW YORK
_b
PUFFIN BOOKS
_c
1994
300
_a
12
650
_a
ENGLISH STORY
_z
UNITED STATES
942
_c
BK
999
_c
7561
_d
7561